MARC

LEADER 00000nam0a2200000 4500
001 284998
005 20231101235742.0
035 |a (RuTPU)RU\TPU\book\309196 
090 |a 284998 
100 |a 20150219d1979 k y0rusy50 ca 
101 0 |a rus 
102 |a RU 
105 |a a z 001zy 
200 1 |a Трещинная тектоника рудных полей и месторождений  |f В. А. Невский 
210 |a Москва  |c Недра  |d 1979 
215 |a 224 с.  |c ил. 
320 |a Библиогр.: с. 216-222. 
606 1 |a Рудные месторождения  |x Тектоника  |2 stltpush  |3 (RuTPU)RU\TPU\subj\25978  |9 50006 
610 1 |a трещинная тектоника 
610 1 |a рудные поля 
610 1 |a генетические типы 
610 1 |a физико-геологические процессы 
610 1 |a зональность 
610 1 |a трещины 
610 1 |a эндогенные рудные месторождения 
675 |a 553.3/.4:551.24  |v 3 
700 1 |a Невский  |b В. А.  |g Василий Алексеевич 
801 1 |a RU  |b 63413507  |c 20150219 
801 2 |a RU  |b 63413507  |c 20170502  |g RCR 
942 |c BK